00524nam a22001697a 450000500170000000800410001702000180005804000210007604100080009708200130010510000280011824501030014625000120024926000340026130000100029565000490030520230831112910.0230831b ||||| |||| 00| 0 eng d a9789391527679 aIN-DiNCcIN-DiNC dasm a934bGOS aGoswami, Pankajeauthor aBharatbarshar itihas:bprak aitihasik jugor pora 300 khristopurboloi (Major 1)/cby Pankaj Goswami a1st ed. aJorhat:bBidya bhawan,c2023. a238p. aHistory of India from prehistory to C 300 BC